ARRUPE JESUIT UNIVERSITY

CORONAVIRUS -STOP THE SPREAD - CLEAN,DISINFECT,COVER

Collected essays, (Record no. 123605)

MARC details
000 -LEADER
fixed length control field 00758mam a2200265 4500
001 - CONTROL NUMBER
control field 469943
003 - CONTROL NUMBER IDENTIFIER
control field ARRUPE
005 - DATE AND TIME OF LATEST TRANSACTION
control field 20151024134807.0
008 - FIXED-LENGTH DATA ELEMENTS--GENERAL INFORMATION
fixed length control field 860509m19661967enk 000 0 eng d
035 ## - SYSTEM CONTROL NUMBER
System control number (OCoLC)987847
035 ## - SYSTEM CONTROL NUMBER
System control number (OCoLC)ocm00987847
035 ## - SYSTEM CONTROL NUMBER
System control number (CStRLIN)NYCG86-B47026
035 ## - SYSTEM CONTROL NUMBER
System control number (NNC)469943
040 ## - CATALOGING SOURCE
Original cataloging agency NNC
Transcribing agency NNC
050 ## - LIBRARY OF CONGRESS CALL NUMBER
Classification number PR6045.O72.A16
300 ## - PHYSICAL DESCRIPTION
Dimensions 21 cm.
100 1# - MAIN ENTRY--PERSONAL NAME
Personal name Woolf, Virginia,
Dates associated with a name 1882-1941.
9 (RLIN) 20211
245 10 - TITLE STATEMENT
Title Collected essays,
Statement of responsibility, etc by Virginia Woolf.
260 ## - PUBLICATION, DISTRIBUTION, ETC. (IMPRINT)
Place of publication, distribution, etc London,
Name of publisher, distributor, etc Chatto and Windus
Date of publication, distribution, etc 1966-1967.
300 ## - PHYSICAL DESCRIPTION
Extent 4v.
500 ## - GENERAL NOTE
General note Dust jacket designed by Enid Marx.
700 1# - ADDED ENTRY--PERSONAL NAME
Personal name Marx, Enid,
Dates associated with a name 1902-1998.
Relator code bjd.
Institution to which field applies NNC
9 (RLIN) 20521
700 1# - ADDED ENTRY--PERSONAL NAME
Personal name Woolf, Leonard
Relator term ed.
9 (RLIN) 20522
942 ## - ADDED ENTRY ELEMENTS (KOHA)
Source of classification or shelving scheme Library of Congress Classification
Koha item type Monograph ( Printed materials)
Holdings
Withdrawn status Lost status Source of classification or shelving scheme Damaged status Not for loan Home library Current library Date acquired Total Checkouts Full call number Barcode Date last seen Copy number Price effective from Koha item type
    Library of Congress Classification     ARRUPE LIBRARY ARRUPE LIBRARY 24/10/2015   PR6045.O72.A16 46500005271 24/10/2015 v.1 24/10/2015 Monograph ( Printed materials)
    Library of Congress Classification     ARRUPE LIBRARY ARRUPE LIBRARY 24/10/2015   PR6045.O72.A16 46500005269 24/10/2015 v.2 24/10/2015 Monograph ( Printed materials)
    Library of Congress Classification     ARRUPE LIBRARY ARRUPE LIBRARY 24/10/2015   PR6045.O72.A16 46500005272 24/10/2015 v.3 24/10/2015 Monograph ( Printed materials)
    Library of Congress Classification     ARRUPE LIBRARY ARRUPE LIBRARY 24/10/2015   PR6045.O72.A16 46500004023 24/10/2015 v.iv 24/10/2015 Monograph ( Printed materials)

 

Arrupe Library. PO Box MP320 Mt Pleasant, Harare, Zimbabwe
263 242 745411|librarian@aju.ac.zw